رؤية يمنية لمستقبل عربي أفضل "نص مشروع دستور إتحاد الدول العربية" / (رقم التسجيلة. 12589)

تفاصيل مارك
000 -LEADER
fixed length control field 00530nam a22001577a 4500
005 - DATE AND TIME OF LATEST TRANSACTION
control field 20251108164721.0
008 - FIXED-LENGTH DATA ELEMENTS--GENERAL INFORMATION
fixed length control field 250721s2004 xx 000 0 ara d
082 14 - DEWEY DECIMAL CLASSIFICATION NUMBER
Classification number م/341.2477/رؤي
245 10 - TITLE STATEMENT
Title رؤية يمنية لمستقبل عربي أفضل "نص مشروع دستور إتحاد الدول العربية" /
264 1# - PRODUCTION, PUBLICATION, DISTRIBUTION, MANUFACTURE, AND COPYRIGHT NOTICE
Place of production, publication, distribution, manufacture عمان :
Name of producer, publisher, distributor, manufacturer الملحقية الثقافية،
Date of production, publication, distribution, manufacture, or copyright notice 2004.
300 ## - PHYSICAL DESCRIPTION
Extent 36ص.
650 17 - SUBJECT ADDED ENTRY--TOPICAL TERM
Topical term or geographic name as entry element جامعه الدول العربيه
650 17 - SUBJECT ADDED ENTRY--TOPICAL TERM
Topical term or geographic name as entry element اليمن
942 ## - ADDED ENTRY ELEMENTS (KOHA)
Source of classification or shelving scheme Dewey Decimal Classification
Koha item type مراجع
المقتنيات
حالة السحب حالة الفقدان مصدر التصنيف حالة التلف غير قابل للإعارة المكتبة الرئيسية المكتبة الحالية موقع الرف تاريخ التزويد الرقم المتسلسل Total Checkouts رقم الإستدعاء الباركود تاريخ آخر ظهور تاريخ الفاتورة نوع المادة (كوها)
    Dewey Decimal Classification   Not For Loan المكتبة المركزية المكتبة المركزية مراجع 28/07/2025 1002406   م/341.2477/رؤي PLD00080043 28/07/2025 28/07/2025 مراجع
    Dewey Decimal Classification   Not For Loan مكتبة الأميرة ايمان العامة مكتبة الأميرة ايمان العامة مراجع 23/03/2009 1002409   م/341.2477/رؤي PLD00080626 28/07/2025 23/03/2009 مراجع
    Dewey Decimal Classification   Not For Loan مكتبة الحسن العامة مكتبة الحسن العامة مراجع 23/03/2009 1002411   م/341.2477/رؤي PLD00080628 28/07/2025 23/03/2009 مراجع
    Dewey Decimal Classification   Not For Loan مكتبة حمزة العامة مكتبة حمزة العامة مراجع 23/03/2009 1002412   م/341.2477/رؤي PLD00080629 28/07/2025 23/03/2009 مراجع
    Dewey Decimal Classification   Not For Loan مكتبة صويلح العامة مكتبة صويلح العامة مراجع 23/03/2009 1002410   م/341.2477/رؤي PLD00080627 28/07/2025 23/03/2009 مراجع
Implemented & Customized by: BBB with SCIT (Smart Chains for Information Technology)

Powered by Koha